| 000 -LEADER |
| fixed length control field |
02931cam a2200505 4500 |
| 001 - CONTROL NUMBER |
| control field |
1219016 |
| 003 - CONTROL NUMBER IDENTIFIER |
| control field |
Nust |
| 005 - DATE AND TIME OF LATEST TRANSACTION |
| control field |
20170110103935.0 |
| 008 - FIXED-LENGTH DATA ELEMENTS--GENERAL INFORMATION |
| fixed length control field |
730529s1936 nyu 000 1 eng |
| 010 ## - LIBRARY OF CONGRESS CONTROL NUMBER |
| LC control number |
36027334 |
| 020 ## - INTERNATIONAL STANDARD BOOK NUMBER |
| International Standard Book Number |
9780330323499 (pbk) |
| 040 ## - CATALOGING SOURCE |
| Original cataloging agency |
DLC |
| Transcribing agency |
DLC |
| Modifying agency |
DLC |
| 050 00 - LIBRARY OF CONGRESS CALL NUMBER |
| Classification number |
PS3525.I972 |
| Item number |
G6 1936 |
| 051 ## - LIBRARY OF CONGRESS COPY, ISSUE, OFFPRINT STATEMENT |
| Classification number |
PS3525.I972 |
| Item number |
G6 1936 Copy 2 |
| Copy information |
Copy 18. In dust jacket. Signed inscription to A.W. Stern by author on front free endpaper. Gift of Thomas Stern, Sept. 4, 1997. Accompanied by three typescript letters, one signed by M. Mitchell, from a correspondence between A.W. Stern and the author. |
| 051 ## - LIBRARY OF CONGRESS COPY, ISSUE, OFFPRINT STATEMENT |
| Classification number |
PS3525.I972 |
| Item number |
G6 1936b |
| Copy information |
Another impression. "Published June 1936"--Verso of t.p. |
| 051 ## - LIBRARY OF CONGRESS COPY, ISSUE, OFFPRINT STATEMENT |
| Classification number |
PS3525.I972 |
| Item number |
G6 1936b Copy 2 |
| Copy information |
Copy 2 of preceding impression. Copyright deposit (96258), July 1, 1936. |
| 051 ## - LIBRARY OF CONGRESS COPY, ISSUE, OFFPRINT STATEMENT |
| Classification number |
Microfilm 77930 PZ |
| Copy information |
Replaces LC copy 11. |
| 082 00 - DEWEY DECIMAL CLASSIFICATION NUMBER |
| Classification number |
813.52 |
| Author Mark |
MIT |
| 100 1# - MAIN ENTRY--PERSONAL NAME |
| Personal name |
Mitchell, Margaret, |
| Dates associated with a name |
1900-1949. |
| 245 10 - TITLE STATEMENT |
| Title |
Gone with the wind / |
| Statement of responsibility, etc. |
by Margaret Mitchell. |
| 260 ## - PUBLICATION, DISTRIBUTION, ETC. |
| Place of publication, distribution, etc. |
New York : |
| Name of publisher, distributor, etc. |
Macmillan, |
| Date of publication, distribution, etc. |
1988. |
| 300 ## - PHYSICAL DESCRIPTION |
| Extent |
1011 p. ; |
| Dimensions |
22 cm. |
| 500 ## - GENERAL NOTE |
| General note |
"Published May 1936"--Verso of t.p. Actual publication of the 1st ed. was delayed to June 30, 1936. Cf. Gone with the wind as book and film / Richard Harwell. c1983. P. [xv]. |
| 500 ## - GENERAL NOTE |
| General note |
LC copy has dust jacket. Newspaper clipping from the Parade section, Oct. 31, 1976 and magazine clipping from Publishers weekly, Sept. 6, 1976 on author laid in. |
| Institution to which field applies |
DLC |
| 500 ## - GENERAL NOTE |
| General note |
Source: Gift of Herman Finkelstein, Dec. 30, 1980. |
| Institution to which field applies |
DLC |
| 600 10 - SUBJECT ADDED ENTRY--PERSONAL NAME |
| Personal name |
O'Hara, Scarlett |
| Titles and other words associated with a name |
(Fictitious character) |
| Form subdivision |
Fiction. |
| 650 #0 - SUBJECT ADDED ENTRY--TOPICAL TERM |
| Topical term or geographic name entry element |
Women |
| Geographic subdivision |
Georgia |
| Form subdivision |
Fiction. |
| 650 #0 - SUBJECT ADDED ENTRY--TOPICAL TERM |
| Topical term or geographic name entry element |
Plantation life |
| Form subdivision |
Fiction. |
| 651 #0 - SUBJECT ADDED ENTRY--GEOGRAPHIC NAME |
| Geographic name |
Georgia |
| General subdivision |
History |
| Chronological subdivision |
Civil War, 1861-1865 |
| Form subdivision |
Fiction. |
| 655 #7 - INDEX TERM--GENRE/FORM |
| Genre/form data or focus term |
Historical fiction. |
| Source of term |
gsafd |
| 655 #7 - INDEX TERM--GENRE/FORM |
| Genre/form data or focus term |
War stories. |
| Source of term |
gsafd |
| 710 2# - ADDED ENTRY--CORPORATE NAME |
| Corporate name or jurisdiction name as entry element |
Herman Finkelstein Collection (Library of Congress) |
| Institution to which field applies |
DLC |
| 710 2# - ADDED ENTRY--CORPORATE NAME |
| Corporate name or jurisdiction name as entry element |
Alfred Whital Stern Collection of Lincolniana (Library of Congress) |
| Institution to which field applies |
DLC |
| 710 2# - ADDED ENTRY--CORPORATE NAME |
| Corporate name or jurisdiction name as entry element |
Rouben Mamoulian Collection (Library of Congress) |
| Institution to which field applies |
DLC |
| 906 ## - LOCAL DATA ELEMENT F, LDF (RLIN) |
| a |
7 |
| b |
cbc |
| c |
orignew |
| d |
u |
| e |
ocip |
| f |
19 |
| g |
y-gencatlg |
| 942 ## - ADDED ENTRY ELEMENTS (KOHA) |
| Source of classification or shelving scheme |
|
| Koha item type |
Book |